Focus supplement (Record no. 80353)

MARC details
000 -LEADER
fixed length control field 01199cab a22002775a 4500
001 - CONTROL NUMBER
control field L144119
008 - FIXED-LENGTH DATA ELEMENTS--GENERAL INFORMATION
fixed length control field 080619e20080301xxkad f s 000 0 eng d
035 ## - SYSTEM CONTROL NUMBER
System control number (Sirsi) u144119
041 0# - LANGUAGE CODE
Language code of text/sound track or separate title eng
100 1# - MAIN ENTRY--PERSONAL NAME
Personal name Meadwell, Stacey
245 00 - TITLE STATEMENT
Title Focus supplement
Remainder of title London
260 ## - PUBLICATION, DISTRIBUTION, ETC.
Date of publication, distribution, etc. 2008
490 #0 - SERIES STATEMENT
Series statement Estates Gazette
Volume/sequential designation (0808) 1 March 2008 (Supplement)
520 ## - SUMMARY, ETC.
Summary, etc. Looks at how the market will perform in 2008. Profiles Boris Johnson, including his views of the commercial property market. Reports that London has not much to learn from Beijing's Olympic preparations. Considers Westminster Councils' streamlined planning process and asks if it will hinder regeneration in the borough. Considers how developers will respond to rising building costs. Looks at the impact of the credit crunch on the London investment market, Midtown and smaller city bonuses.
590 ## - LOCAL NOTE (RLIN)
Local note KA
651 #4 - SUBJECT ADDED ENTRY--GEOGRAPHIC NAME
Geographic name London
690 ## - LOCAL SUBJECT ADDED ENTRY--TOPICAL TERM (OCLC, RLIN)
Topical term or geographic name as entry element PROPERTY-COMMERCIAL PROPERTY-COMMERCIAL PROPERTY MARKET
700 1# - ADDED ENTRY--PERSONAL NAME
Personal name Norman, Paul
700 1# - ADDED ENTRY--PERSONAL NAME
Personal name Lazarus, Darren
700 1# - ADDED ENTRY--PERSONAL NAME
Personal name Neale, Jon
700 1# - ADDED ENTRY--PERSONAL NAME
Personal name Alexander, Mark
700 1# - ADDED ENTRY--PERSONAL NAME
Personal name Elghamry, Nadia
700 1# - ADDED ENTRY--PERSONAL NAME
Personal name Cunningham, Daniel
700 1# - ADDED ENTRY--PERSONAL NAME
Personal name Thame, David
942 ## - ADDED ENTRY ELEMENTS (KOHA)
Suppress in OPAC 0
Holdings
Withdrawn status Lost status Source of classification or shelving scheme Damaged status Not for loan Home library Current library Shelving location Date acquired Total Checkouts Full call number Barcode Date last seen Copy number Price effective from Koha item type
    Dewey Decimal Classification     London London Journal article 19/06/2008   L144119 30071201 06/08/2019 1 06/08/2019 Journal article